Goya : (Record no. 12070)

MARC details
000 -LEADER
campo de control de longitud fija 01195nam a2200325 i 4500
001 - NÚMERO DE CONTROL
campo de control 12070
003 - IDENTIFICADOR DE NÚMERO DE CONTROL
campo de control ES-MaACL
005 - FECHA Y HORA DE LA ÚLTIMA TRANSACCIÓN
campo de control 20250822062525.0
007 - CAMPO FIJO DE DESCRIPCIÓN FÍSICA--INFORMACIÓN GENERAL
campo de control de longitud fija t|
008 - DATOS DE LONGITUD FIJA--INFORMACIÓN GENERAL
campo de control de longitud fija 970303s1996 sp a |||| |dspa d
017 ## - NÚMERO DE COPYRIGHT O DE DEPÓSITO LEGAL
Número de copyright o de depósito legal M 10297-1996
020 ## - NÚMERO INTERNACIONAL ESTÁNDAR DEL LIBRO
Número Internacional Estándar del Libro 8487317480
Información calificativa Rústica
024 ## - IDENTIFICADOR DE OTROS ESTÁNDARES
Número estándar o código 304-96-003-1
040 ## - FUENTE DE CATALOGACIÓN
Centro/agencia transcriptor ES-MaACL
080 ## - NÚMERO DE LA CLASIFICACIÓN DECIMAL UNIVERSAL
Número de la Clasificación Decimal Universal 75 Goya, Francisco de (064.3)
100 1# - ENTRADA PRINCIPAL--NOMBRE DE PERSONA
Nombre de persona Goya, Francisco de,
Fechas asociadas al nombre 1746-1828
Término indicativo de función/relación Ilustrador
9 (RLIN) 240353
245 10 - MENCIÓN DEL TÍTULO
Título Goya :
Resto del título 250 aniversario /
Mención de responsabilidad, etc. Juan J. Luna, comisario de la exposición ; Margarita Moreno de las Heras.
260 ## - PUBLICACIÓN, DISTRIBUCIÓN, ETC.
Lugar de publicación, distribución, etc. Madrid :
Nombre del editor, distribuidor, etc. Museo del Prado,
Fecha de publicación, distribución, etc. 1996.
300 ## - DESCRIPCIÓN FÍSICA
Extensión 476 p. :
Otras características físicas principalmente il. ;
Dimensiones 30 cm.
500 ## - NOTA GENERAL
Nota general Catálogo de la Exposición celebrada en el Museo del Prado del 30 de marzo al 2 de junio de 1996.
600 14 - PUNTO DE ACCESO ADICIONAL DE MATERIA--NOMBRE DE PERSONA
Nombre de persona Goya, Francisco de,
Fechas asociadas al nombre 1746-1828
9 (RLIN) 240353
655 #7 - TERMINO DE INDIZACIÓN--GENERO/FORMA
Fuente del término tgfbne
9 (RLIN) 193628
Datos o término principal de género/forma Catálogos de exposiciones
700 0# - ENTRADA AGREGADA--NOMBRE PERSONAL
Nombre de persona Luna, Juan J.,
Fechas asociadas al nombre 1946-2020
Término indicativo de función/relación Comisario
9 (RLIN) 74756
700 0# - ENTRADA AGREGADA--NOMBRE PERSONAL
Nombre de persona Moreno de las Heras, Margarita
9 (RLIN) 83358
Término indicativo de función/relación Autor
710 2# - ENTRADA AGREGADA--NOMBRE DE ENTIDAD CORPORATIVA
Nombre de entidad corporativa o nombre de jurisdicción como elemento de entrada Museo Nacional del Prado.
9 (RLIN) 160001
852 ## - LOCALIZACIÓN
Ubicación ES-MaACL
Número de control de estantería L-19280
Ubicación en estantería Depósito 2
Encuadernación ES-MaACL
942 ## - ELEMENTOS DE ENTRADA SECUNDARIOS (KOHA)
Tipo de ítem Koha Capítulo de libro
Suprimir en OPAC No
Holdings
Estatus retirado Estado de pérdida Estado de daño No para préstamo Biblioteca de origen Biblioteca actual Ubicación en estantería Fecha de adquisición Fuente de adquisición Total de préstamos Signatura topográfica completa Código de barras Visto por última vez Precio de reemplazo Tipo de ítem Koha
        Biblioteca del Ateneo de Madrid Biblioteca del Ateneo de Madrid Depósito 2 17/01/2008     L-19280 1012298 23/02/2023 23/02/2023 Libro impreso